American literature : (Record no. 133567)

MARC details
000 -LEADER
fixed length control field 00682nam a22002177a 4500
005 - DATE AND TIME OF LATEST TRANSACTION
control field 20170124110212.0
010 ## - LIBRARY OF CONGRESS CONTROL NUMBER
LC control number 320745
020 ## - INTERNATIONAL STANDARD BOOK NUMBER
Terms of availability 00.00
035 ## - SYSTEM CONTROL NUMBER
System control number 320745
037 ## - SOURCE OF ACQUISITION
Source of stock number/acquisition Cen Lib/Ret
040 ## - CATALOGING SOURCE
Original cataloging agency DPL
Language of cataloging EN
082 ## - DEWEY DECIMAL CLASSIFICATION NUMBER
Classification number 899.6
Item number MOO
100 ## - MAIN ENTRY--PERSONAL NAME
Personal name Moore, Geoffrey
9 (RLIN) 38302
245 ## - TITLE STATEMENT
Title American literature :
Statement of responsibility, etc by Geoffrey Moore
Remainder of title a representative anthology of american writing from colonial times to the present /
260 ## - PUBLICATION, DISTRIBUTION, ETC. (IMPRINT)
Place of publication, distribution, etc London
Name of publisher, distributor, etc Faber & Faber
Date of publication, distribution, etc 1964
270 ## - ADDRESS
City London
Address 24 russell square
300 ## - PHYSICAL DESCRIPTION
Extent 1328p.
Dimensions 19cm(Hb)
650 ## - SUBJECT ADDED ENTRY--TOPICAL TERM
Topical term or geographic name as entry element American Literature
9 (RLIN) 23223
650 ## - SUBJECT ADDED ENTRY--TOPICAL TERM
Topical term or geographic name as entry element Historical aspects
9 (RLIN) 38303
942 ## - ADDED ENTRY ELEMENTS (KOHA)
Source of classification or shelving scheme Dewey Decimal Classification
Koha item type English Books
Classification part 899.6
Call number suffix MOO
Holdings
Withdrawn status Lost status Damaged status Not for loan Home library Current library Date acquired Source of acquisition Cost, normal purchase price Total Checkouts Full call number Barcode Date last seen Date checked out Copy number Cost, replacement price Price effective from Koha item type
        Central Library Central Library 27/07/2015 Cen Lib/Ret 0.00 2 899.6 MOO 320745 13/02/2023 31/01/2023 1 0.00 27/07/2015 English Books

© Delhi Public Library
Hit Counter
free hit counter